People in Pictures with Jiang Zemin - Statistics

General Stats
  • This quiz has been taken 48 times
  • The average score is 12 of 17
Answer Stats
Picture Hint Answer % Correct
United Kingdom Elizabeth II
100%
United States George W. Bush
100%
Russia Vladimir Putin
100%
United States Bill Clinton
98%
South Africa Nelson Mandela
98%
Cuba Fidel Castro
90%
China Xi Jinping
85%
United States Henry Kissinger
80%
Russia Boris Yeltsin
78%
China Deng Xiaoping
68%
North Korea (First Name) Kim Jong-il
63%
Palestine Yasser Arafat
59%
Spain Juan Carlos I
51%
China Hu Jintao
46%
France Jacques Chirac
46%
Japan Emperor Heisei
22%
South Korea (First Name) Kim Young-sam
10%
No matching quizzes found
Score Distribution
Percent of People with Each Score
Percentile by Number Answered
Your Score History
You have not taken this quiz